000 00684nam a22001817a 4500
003 BD-DhUL
005 20180121095112.0
008 180121s1390 ii ||||| |||| 00| 0 ben d
040 _aBD-DhUL
_cBD-DhUL
082 _a891.443
_bBOJ
100 1 _aবোধিসত্ত্ব মৈত্রেয়
245 1 _aঝিনুকের পেটে মুক্তো /
_cবোধিসত্ত্ব মৈত্রেয়
260 _aকলকাতা :
_bঅভিব্যক্তি,
_c১৩৯০।
300 _a(৩), ২৮০পৃ. ;
_c২০ সেমি.
650 0 _aবাংলা উপন্যাস
650 0 _aBengali fiction
942 _2ddc
_cBK
999 _c237244
_d237244